000 00604cam a22002053a 4500
001 39480
003 PGUSA
005 20140828083858.0
008 120419s2012||||xxu|||||s|||||000 | eng d
040 _aPGUSA
_beng
042 _adc
100 1 _aDevrient, Eduard
245 1 0 _aDas Nationaltheater des Neuen Deutschlands. Eine Reformschrift
_h[electronic resource] /
_cEduard Devrient
260 _bProject Gutenberg,
_c2012
506 _aPublic domain in the USA.
516 _aElectronic text
830 0 _aProject Gutenberg
_v39480
856 4 0 _uhttp://www.gutenberg.org/ebooks/39480
942 _cEB
999 _c268733
_d268733